000 00811cam a2200253 a 4500
001 14079
003 BD-JhCC
005 20240919111219.0
008 970827s1990 nyua 001 0 eng
035 _a(BD-JhCC)14079
040 _aDLC
_cDLC
_dDLC
041 _aenglish
050 0 0 _aHG179
_b.S334 1998
082 0 0 _221
_a152.42
_bMIH 1990
100 1 _a Csikszentmihalyi,Mihaly
245 1 0 _aFlow:
_bthe psychology of optimal experience /
_cMihaly Csikszentmihalyi.
246 3 0 _aGuide to financial independence
260 _aNew York :
_bHarper & Row,
_c1990.
300 _a306 p. :
_bill. ;
_c24 cm.
500 _aIncludes index.
650 0 _aHappiness Psychological aspects
_vSelf-actualization (Psychology)
_xSelf-consciousness (Awareness)
_z Stories, plots, etc
942 _2ddc
_cBK
999 _c14079
_d14079